Paroles de la chanson du PSG "Tous Ensemble on Chantera" - Statistiques

Statistiques générales
  • Ce quiz a été pris 271 fois
  • Le résultat moyen est 30 sur 34
Statistiques - réponses
Nombres Paroles % Correct
4 on
98%
9 on
98%
29 on
98%
10 a
97%
5 Chantera
97%
3 Ensemble
97%
2 Tous
97%
1 Paris S-G
96%
28 Paris S-G
96%
11 pour
95%
26 pour
95%
7 amour
93%
8 qu
93%
12 toi
93%
27 toi
93%
6 Cet
90%
20 de
87%
23 de
87%
22 et
87%
33 la
87%
18 tant
87%
14 ne
86%
13 qui
86%
17 après
85%
24 combat
85%
16 jamais
85%
31 se
84%
15 cessera
83%
32 casser
82%
21 galère
82%
30 va
82%
34 Voix
82%
25 Oh
79%
19 années
71%
Aucun quiz correspondant
Distribution des résultats
% des personnes avec chaque résultat
Percentile par nombre de réponses
Votre historique - résultats
Vous n’avez pas pris ce quiz